Other side of psychoanalysis (Record no. 630492)

MARC details
000 -LEADER
fixed length control field 00712nam a2200229Ia 4500
003 - CONTROL NUMBER IDENTIFIER
control field OSt
005 - DATE AND TIME OF LATEST TRANSACTION
control field 20260108122152.0
008 - FIXED-LENGTH DATA ELEMENTS--GENERAL INFORMATION
fixed length control field 220923b |||||||| |||| 00| 0 eng d
020 ## - INTERNATIONAL STANDARD BOOK NUMBER
International Standard Book Number 9780393062632
037 ## - SOURCE OF ACQUISITION
Terms of availability General Book
040 ## - CATALOGING SOURCE
Original cataloging agency RTL
Transcribing agency RTL
Language of cataloging eng
041 ## - LANGUAGE CODE
Source of code eng
Language code of text/sound track or separate title eng
084 ## - COLON CLASSIFICATION NUMBER
Classification number Y:3(SM95).2.P, P7
Assigning agency RTL
245 #0 - TITLE STATEMENT
Title Other side of psychoanalysis
260 ## - PUBLICATION, DISTRIBUTION, ETC.
Place of publication, distribution, etc. New York
Name of publisher, distributor, etc. Northan & Co.
Date of publication, distribution, etc. 2007
300 ## - PHYSICAL DESCRIPTION
Extent 224 p.
Other physical details Includes bibliographical references and index.
650 ## - SUBJECT ADDED ENTRY--TOPICAL TERM
Topical term or geographic name entry element Sociology
9 (RLIN) 863090
700 ## - ADDED ENTRY--PERSONAL NAME
Personal name Miller Jacques-Alain
Relator term Editor
9 (RLIN) 863091
700 ## - ADDED ENTRY--PERSONAL NAME
Personal name Grigg Russell
Relator term Translator
9 (RLIN) 863092
942 ## - ADDED ENTRY ELEMENTS (KOHA)
Classification part Y:3(SM95).2.P, P7
Koha item type General Books
Source of classification or shelving scheme Colon Classification (CC)
Suppress in OPAC No
Holdings
Withdrawn status Lost status Source of classification or shelving scheme Damaged status Not for loan Home library Current library Date acquired Total Checkouts Full call number Barcode Date last seen Price effective from Koha item type
    Colon Classification (CC)     Ratan Tata Library Ratan Tata Library 2022-09-26   Y:3(SM95).2.P, P7 RT1326889 2022-09-26 2022-09-26 General Books
Copyright @ Delhi University Library System